<?xml version="1.0" encoding="UTF-8"?>
<record
    xmlns:xsi="http://www.w3.org/2001/XMLSchema-instance"
    xsi:schemaLocation="http://www.loc.gov/MARC21/slim http://www.loc.gov/standards/marcxml/schema/MARC21slim.xsd"
    xmlns="http://www.loc.gov/MARC21/slim">

  <leader>02652nam a22004097a 4500</leader>
  <datafield tag="999" ind1=" " ind2=" ">
    <subfield code="c">21883</subfield>
    <subfield code="d">21883</subfield>
  </datafield>
  <controlfield tag="003">AR-CdUCM</controlfield>
  <controlfield tag="008">190425b           ||||| |||| 00| 0 spa d</controlfield>
  <datafield tag="040" ind1=" " ind2=" ">
    <subfield code="a">MUNICIPALIDAD PROVINCIAL DEL CUSCO</subfield>
    <subfield code="c">BIBLIOTECA MUNICIPAL DEL CUSCO</subfield>
  </datafield>
  <datafield tag="082" ind1=" " ind2=" ">
    <subfield code="a">Rev.AHC/N&#xB0;14/1999</subfield>
  </datafield>
  <datafield tag="110" ind1=" " ind2=" ">
    <subfield code="a">Archivo Regional del Cusco</subfield>
    <subfield code="9">46600</subfield>
  </datafield>
  <datafield tag="245" ind1=" " ind2=" ">
    <subfield code="a">Revista del Archivo Hist&#xF3;rico del Cuzco /</subfield>
    <subfield code="c">Universidad Nacional del Cuzco</subfield>
  </datafield>
  <datafield tag="260" ind1=" " ind2=" ">
    <subfield code="a">Cusco :</subfield>
    <subfield code="b">Archivo departamental del Cusco,</subfield>
    <subfield code="c">1999.</subfield>
  </datafield>
  <datafield tag="300" ind1=" " ind2=" ">
    <subfield code="a">202 p&#xE1;ginas. :</subfield>
    <subfield code="c">23 cm.</subfield>
  </datafield>
  <datafield tag="440" ind1=" " ind2=" ">
    <subfield code="a">Revista del Archivo Hist&#xF3;rico.</subfield>
    <subfield code="n">N&#xB0;14, 1999</subfield>
    <subfield code="9">46630</subfield>
  </datafield>
  <datafield tag="505" ind1=" " ind2=" ">
    <subfield code="a">Contenido: Algunas consideraciones hist&#xF3;ricas sobre los usos y consumo racionalizado de la coca entre los incas. Alfonso Contreras Cornejo.-- Introducci&#xF3;n al estudio hist&#xF3;rico de los t&#xED;tulos de la Hacienda de Punchaopuquio, Curahuasi-Cusco. Donato Amado Gonzales.-- El testamento y el codicilo de do&#xF1;a Beatriz Clara Coya de Loyola, hija de don Diego Sayri Tupac Ynga Yupangui y de la Coya do&#xF1;a Mar&#xED;a Cusi Huarcay. Gonzalo Lamana.-- Poder y abuso, el cacicazgo de Lamay siglo XVII. Nada Hughes.-- M&#xFA;sica y m&#xFA;sicos en el Cuzco colonial, 1650-1770. Geoffrey Baker.--De vita et moribus, Thomas Miguel, ejemplar eclesi&#xE1;stico en el tiempo de Tupac Amaru. Jean Jacques Decoster.-- Caciques y Tributos en el Sur Peruano despu&#xE9;s de la rebeli&#xF3;n de los Tupac Amaru 1780-1830. David Cahill.-- La historia social del derecho y los derechos humanos. Mauricio Valiente Ots.-- Defensa de tierras, Cusco 1852. Carmen Ruiz de Pardo.-- Relaci&#xF3;n de graduados de la Universidad Nacional de San Antonio Abad del Cusco, 1807-1818. German Zecenarro Madue&#xF1;o.-- Mariano Herencia Cevallos: ilustre pol&#xED;tico cusque&#xF1;o olvidado. Horacio Villanueva Urteaga.-- Situaci&#xF3;n econ&#xF3;mica del Departamento del Cusco en la &#xE9;poca de Bujanda. Roberto C&#xE1;ceres Olivera.</subfield>
  </datafield>
  <datafield tag="650" ind1=" " ind2=" ">
    <subfield code="a">Coca</subfield>
    <subfield code="9">21158</subfield>
  </datafield>
  <datafield tag="650" ind1=" " ind2=" ">
    <subfield code="a">Inkas</subfield>
    <subfield code="9">1899</subfield>
  </datafield>
  <datafield tag="650" ind1=" " ind2=" ">
    <subfield code="a">Cacicazgo</subfield>
    <subfield code="9">46631</subfield>
  </datafield>
  <datafield tag="650" ind1=" " ind2=" ">
    <subfield code="a">M&#xFA;sica cusque&#xF1;a</subfield>
    <subfield code="9">13074</subfield>
  </datafield>
  <datafield tag="650" ind1=" " ind2=" ">
    <subfield code="a">M&#xFA;sica colonial </subfield>
    <subfield code="9">46632</subfield>
  </datafield>
  <datafield tag="650" ind1=" " ind2=" ">
    <subfield code="a">Tupac Amaru</subfield>
    <subfield code="9">623</subfield>
  </datafield>
  <datafield tag="700" ind1=" " ind2=" ">
    <subfield code="a">Villanueva Urteaga, Horacio</subfield>
    <subfield code="9">5790</subfield>
  </datafield>
  <datafield tag="700" ind1=" " ind2=" ">
    <subfield code="a">Contreras Cornejo, Alonso</subfield>
    <subfield code="9">46633</subfield>
  </datafield>
  <datafield tag="700" ind1=" " ind2=" ">
    <subfield code="a">Amado Gonzales, Donato</subfield>
    <subfield code="9">45219</subfield>
  </datafield>
  <datafield tag="700" ind1=" " ind2=" ">
    <subfield code="a">Lamana, Gonzalo</subfield>
    <subfield code="9">46436</subfield>
  </datafield>
  <datafield tag="700" ind1=" " ind2=" ">
    <subfield code="a">Hughes, Nada</subfield>
    <subfield code="9">46634</subfield>
  </datafield>
  <datafield tag="700" ind1=" " ind2=" ">
    <subfield code="a">Baker, Geoffrey</subfield>
    <subfield code="9">46635</subfield>
  </datafield>
  <datafield tag="700" ind1=" " ind2=" ">
    <subfield code="a">Jacques Decoster, Jean</subfield>
    <subfield code="9">31915</subfield>
  </datafield>
  <datafield tag="700" ind1=" " ind2=" ">
    <subfield code="a">Cahill, David</subfield>
    <subfield code="9">46636</subfield>
  </datafield>
  <datafield tag="700" ind1=" " ind2=" ">
    <subfield code="a">Valiente Ots, Mauricio</subfield>
    <subfield code="9">46637</subfield>
  </datafield>
  <datafield tag="700" ind1=" " ind2=" ">
    <subfield code="a">Ruiz de Pardo, Carmen</subfield>
    <subfield code="9">46638</subfield>
  </datafield>
  <datafield tag="700" ind1=" " ind2=" ">
    <subfield code="a">Zecenarro Madue&#xF1;o, German</subfield>
    <subfield code="9">30525</subfield>
  </datafield>
  <datafield tag="700" ind1=" " ind2=" ">
    <subfield code="a">Villanueva Urteaga, Horacio</subfield>
    <subfield code="9">5790</subfield>
  </datafield>
  <datafield tag="700" ind1=" " ind2=" ">
    <subfield code="a">C&#xE1;ceres Olivera, Roberto</subfield>
    <subfield code="9">46587</subfield>
  </datafield>
  <datafield tag="942" ind1=" " ind2=" ">
    <subfield code="2">ddc</subfield>
    <subfield code="c">PP</subfield>
  </datafield>
  <datafield tag="945" ind1=" " ind2=" ">
    <subfield code="a">rac</subfield>
  </datafield>
  <datafield tag="952" ind1=" " ind2=" ">
    <subfield code="0">0</subfield>
    <subfield code="2">ddc</subfield>
    <subfield code="4">0</subfield>
    <subfield code="7">0</subfield>
    <subfield code="a">HEM</subfield>
    <subfield code="b">HEM</subfield>
    <subfield code="c">CART</subfield>
    <subfield code="d">2021-09-08</subfield>
    <subfield code="g">10.00</subfield>
    <subfield code="o">Rev.AHC/N&#xB0;14/1999</subfield>
    <subfield code="p">REVC000402</subfield>
    <subfield code="r">2021-09-08</subfield>
    <subfield code="y">PP</subfield>
  </datafield>
  <datafield tag="952" ind1=" " ind2=" ">
    <subfield code="0">0</subfield>
    <subfield code="2">ddc</subfield>
    <subfield code="4">0</subfield>
    <subfield code="7">0</subfield>
    <subfield code="a">HEM</subfield>
    <subfield code="b">HEM</subfield>
    <subfield code="c">CART</subfield>
    <subfield code="d">2021-09-08</subfield>
    <subfield code="g">10.00</subfield>
    <subfield code="o">Rev.AHC/N&#xB0;14/1999/e.2</subfield>
    <subfield code="p">REVC000400</subfield>
    <subfield code="r">2021-10-04</subfield>
    <subfield code="y">PP</subfield>
  </datafield>
</record>
